Statistics for ゲスの極み乙女:シングル・配信曲名クイズ

Click here to take the quiz!

General Stats

  • This quiz has been taken 6 times
  • The average score is 9 of 25

Answer Stats

シングル・配信% Correct
私以外私じゃないの
83%
ロマンスがありあまる
67%
猟奇的なキスを私にして
33%
アソビ
33%
悪夢のおまけ
33%
ドーパミン
33%
透明な嵐
33%
秘めない私
33%
息をするために
33%
イメージセンリャク
33%
戦ってしまうよ
33%
灰になるまで
33%
無垢な季節
33%
オトナチック
33%
サイデンティティ
33%
ルミリー
33%
だけど僕は
33%
スローに踊るだけ
33%
But I'm lonely
33%
Ink
33%
O.I.A.
33%
あなたには負けない
17%
まだ生きれるだろ
17%
キラーボールをもう一度
17%
YDY
17%

Score Distribution

Percentile by Number Answered

Percent of People with Each Score

Your Score History

You have not taken this quiz